000 00490cam a2200145 4500500
005 20251012010533.0
041 _afre
042 _adc
100 1 0 _aPastorini, Chiara
_eauthor
245 0 0 _aAbdennour Bidar. « L’islam, une miséricorde infinie »
260 _c2008.
500 _a96
786 0 _nPhilosophie magazine | 22 | 9 | 2008-09-01 | p. 17-17 | 1951-1787
856 4 1 _uhttps://shs.cairn.info/magazine-philosophie-magazine-2008-9-page-17?lang=fr&redirect-ssocas=7080
999 _c1519643
_d1519643